| 000 | 00440nam a2200157 i 4500 | ||
|---|---|---|---|
| 001 | 79008 | ||
| 003 | ES-MaACL | ||
| 005 | 20230906173857.0 | ||
| 007 | t| | ||
| 008 | 041019s1931 fr ||||1| fre d | ||
| 100 | 1 |
_aHemardinquer, P. _962484 |
|
| 245 | 1 | 0 |
_aCent problémes pratiques de T. S. F. / _cP. Hemardinquer. |
| 260 |
_aParis : _b[s.n.], _c1924 ( _eNiort : _fTh. Martin) |
||
| 300 |
_a162 p. ; _c19 cm. |
||
| 852 |
_aES-MaACL _jF-13974 |
||
| 999 |
_c79008 _d79008 |
||